Les vins de la vallée du Rhône - Statistiques

Statistiques générales
  • Ce quiz a été pris 330 fois
  • Le résultat moyen est 9 sur 20
Statistiques - réponses
Question Réponse % Correct
Cette appellation de la vallée du Rhône méridionale peut contenir jusqu'à 13 cépages. Châteauneuf-du-Pape
88%
Cépage emblématique des vins rouges de la vallée du Rhône septentrionale. Syrah
88%
Nombre de départements couverts par le vignoble de la vallée du Rhône. 6
78%
Cette appellation de la vallée du Rhône produit exclusivement des vins rosés. Tavel
73%
Vinifié depuis l'Antiquité par les Voconces, ce vin effervescent est produit dans la Drôme. Clairette de Die
71%
Cette appellation réunit la Côte brune et la Côte blonde. Côte-Rôtie
58%
A partir de quel cépage blanc est élaboré le vin de Château-Grillet. Viognier
56%
Pays où les vins de la vallée du Rhône s'exportent le mieux. Etats-Unis | Royaume-Uni | Belgique
51%
Cette prestigieuse commune viticole produit des vins de paille. Hermitage
46%
Un cru rouge, voisin du précédent. Cornas
44%
Ce vin doux naturel est élaboré à partir de grenache noir. Rasteau
44%
Autrefois appelé "vin de Mauves", ce vignoble est traversé par le 45° parallèle. Saint-Joseph
41%
Ce vin blanc de la vallée du Rhône est produit vers Valence. Saint-Péray
41%
Ce cépage noir venu d'Espagne porte le nom de "monastrell" dans son pays d'origine. Mourvèdre
36%
Ce cru de la vallée du Rhône méridionale rappelle que le vin se consomme avec modération. Vinsobres
25%
Ce vignoble s'épanouit au pied des Dentelles de Montmirail. Beaume-de-Venise
22%
Cette appellation communale est devenue un cru de la vallée du Rhône méridionale en 2015. Cairanne
22%
Commune de l'université du Vin. Suze-la-Rousse
19%
Ils ont développé le vignoble de la vallée du Rhône méridionale au XIIIème siècle. Papes
14%
Cet organisme interprofessionnel des vins de la vallée du Rhône siège à Avignon. Inter-Rhône
8%
Aucun quiz correspondant
Distribution des résultats
% des personnes avec chaque résultat
Percentile par nombre de réponses
Votre historique - résultats
Vous n’avez pas pris ce quiz